Loading...
| Science - Chemistry | 0 | 4 | 1 | 0 | 35 | 82 | 98.50 | 2 | 4 |
| Literature - European Literature | 1 | 1 | 0 | 0 | 25 | 71 | 103.50 | 1 | 2 |
| History - Other History | 1 | 1 | 0 | 0 | 25 | 41 | 88.00 | 0 | 1 |
| Science - Physics | 0 | 3 | 1 | 1 | 25 | 101 | 112.67 | 1 | 3 |
| Mythology | 0 | 2 | 0 | 0 | 20 | 92 | 115.00 | 0 | 2 |
| Science - Other Science | 0 | 2 | 1 | 1 | 15 | 111 | 112.50 | 0 | 1 |
| Current Events | 0 | 1 | 0 | 0 | 10 | 75 | 75.00 | 0 | 1 |
| History - American History | 0 | 1 | 0 | 0 | 10 | 97 | 97.00 | 0 | 1 |
| History - European History | 0 | 1 | 0 | 0 | 10 | 96 | 96.00 | 0 | 1 |
| History - World History | 0 | 1 | 0 | 0 | 10 | 115 | 115.00 | 0 | 1 |
| Literature - World Literature | 0 | 2 | 2 | 0 | 10 | 119 | 121.00 | 0 | 2 |
| Fine Arts - Other Fine Arts | 0 | 0 | 0 | 0 | 0 | 0.00 | 0 | 0 | |
| Pop Culture | 0 | 0 | 1 | 0 | -5 | 0.00 | 0 | 0 | |
| Religion | 0 | 1 | 3 | 0 | -5 | 131 | 131.00 | 0 | 1 |
| Science - Biology | 0 | 0 | 1 | 0 | -5 | 0.00 | 0 | 0 | |
| Literature - British Literature | 0 | 0 | 1 | 0 | -5 | 0.00 | 0 | 0 | |
| Social Science | 0 | 0 | 1 | 0 | -5 | 0.00 | 0 | 0 | |
| Philosophy | 0 | 0 | 1 | 0 | -5 | 0.00 | 0 | 0 | |
| Literature - American Literature | 0 | 0 | 2 | 0 | -10 | 0.00 | 0 | 0 |